Firmy a kapitálový trh

Z obsahu pravidelnej sekcie: Svet firiem očami slovenských a českých médií. Ako sa určuje hodnota akcií. Poľsko sa chystá budovať nový plynovod. Ropa a ropné produkty na svetových burzách. RM-Systém Slovakia - trh s cennými papierami. Komodity na svetových trhoch (kukurica, cukor, zlato, striebro)....

Descrizione completa

Salvato in:
Dettagli Bibliografici
Natura: Capitolo di libro
Lingua:slovacco
Soggetti:
Tags: Aggiungi Tag
Nessun Tag, puoi essere il primo ad aggiungerne!!

MARC

LEADER 00000naa a2200000 4500
001 r017615
005 20221205102938.9
041 0 |a slo 
044 |a SK 
245 1 0 |a Firmy a kapitálový trh 
520 |a Z obsahu pravidelnej sekcie: Svet firiem očami slovenských a českých médií. Ako sa určuje hodnota akcií. Poľsko sa chystá budovať nový plynovod. Ropa a ropné produkty na svetových burzách. RM-Systém Slovakia - trh s cennými papierami. Komodity na svetových trhoch (kukurica, cukor, zlato, striebro). Burza cenných papierov v Bratislave. 
610 2 0 |a trh kapitálový 
610 2 0 |a firmy 
610 2 0 |a akcie 
610 2 0 |a plynovody 
610 2 0 |a ropa 
610 2 0 |a RM-Systém Slovakia 
610 2 0 |a papiere cenné 
610 2 0 |a komodity 
610 2 0 |a kukurica 
610 2 0 |a cukor 
610 2 0 |a zlato 
610 2 0 |a BCP Bratislava